Urban labor markets in developing countries
Gespeichert in:
| Format: | Buch |
|---|---|
| Sprache: | Englisch |
| Veröffentlicht: |
México
Colegio Nacional de Economistas
1980
|
| Tags: |
Keine Tags, Fügen Sie das erste Tag hinzu!
|
MARC
| LEADER | 00000nam a2200000 4500 | ||
|---|---|---|---|
| 001 | c140810 | ||
| 005 | 20041019155320.1 | ||
| 041 | 0 | |a eng | |
| 044 | |a MX | ||
| 245 | 1 | 0 | |a Urban labor markets in developing countries |
| 264 | 1 | |a México |b Colegio Nacional de Economistas |c 1980 | |
| 300 | |a 18 s. | ||